000 00602nam a2200241Ia 4500
003 OSt
005 20220918203738.0
006 a|||||r|||| 00| 0
007 ta
008 220917b |||||||| |||| 00| 0 eng d
024 _a109,657
037 _cTextual
040 _aARTS
_cARTS
_beng
041 _2eng
_aeng
082 _aV4653.N, K7
100 _aBermant Chaim
_9109646
245 0 _aIsrael
260 _aLondon
_bThames & Hudson
_c1967
300 _a224p. plates
_ccm.
650 _aHISTORY
942 _hV4653.N, K7
_cTEXL
_2CC
999 _c233007
_d233007